Statistiques concernant Punchlines rap fr

Cliquez ici pour prendre le quiz!

Statistiques générales

  • Ce quiz a été pris 63 fois
  • Le résultat moyen est 6 sur 20

Statistiques - réponses

QuestionRéponse% Correct
Ce soir, on ira faire un tour chez l'épicier ouvert en bas Et on parlera d'amour, entassés sur une vérandaNekfeu
81%
C’est le S et j’crois en mes métaux, nique sa mère un mentorSCH
70%
T'abuse de ma gentillesse, j'abuse de ta sœur ou ta nièceBrulux
47%
J’ai choisi l’argent à l’école pourtant j’étais doué, mais l’frigo était vide, j’avais pas l’temps de jouerDTF
40%
Je vais les écraser dans le cendrier comme un vieux mégotBusta Flex
36%
Je n'fais jamais de clichés, je n'suis pas une pelliculeLes Sages poètes de la rue
36%
Ça m'appelle qu'en cas d'SOS, et c'est relou comme quatre obèsesPLK
32%
Ta mère te voyait avocat, aujourd’hui t’en aurais bien besoinSalif
25%
De toute façon un révolutionnaire en bonne santé ça n’existe pas Car un vrai antisystème ne consomme pasDespo rutti
23%
À mon avis, tu f'rais bien d'retravailler ton intro, car c'que tu racontes c'est tellement “dit” que j'pourrais t'backer en improHaroun
23%
T’es comme les putes ou les platanes, t’es fait pour qu’on rentre dedansHugo TSR
21%
Si les gens font style qu’ils t’aiment, c’est qu’au fond ils te craignentLIM
21%
J’prends l’gâteau, j’vais leur laisser la fèveZeguerre
21%
J'arrose la tombe de mon enfance, mais rien ne pousse si ce n'est l'oubliHippocampe Fou
19%
On aime le foot, les femmes et l'argent comme BerlusconiJeanjass
19%
Je n'aurais pas le temps de te refaire le monde Je n'aurais pas le temps de réparer l'immondeLe Bon Père
15%
30 piges, 9 projets 9 tirs 9 butsRomeo Elvis
15%
Qui vole un œuf vole un bœuf, donc si tu me voles mes rimes je te vole ta soeurDau
13%
À défaut de me faire la fille, je me ferai une raisonFuzati
9%
Si tu sais lire entre les lignes, je peux écrire entre T'as l'esprit ouvert, pas besoin de signe, j'entreJP Manova
4%

Distribution des résultats

Percentile par nombre de réponses

% des personnes avec chaque résultat

Votre développement - résultats

Vous n’avez pas pris ce quiz